| 000 | 01399nam0a2200349 i 4500 | ||
|---|---|---|---|
| 001 | RU\NLR\BIBL_A\010971901 | ||
| 005 | 20241105190549.0 | ||
| 010 |
_a9785937160706 _9500 |
||
| 021 |
_aRU _b2016-1908 _9117 |
||
| 035 | _a(NILC)RuMoRGB-008117671 | ||
| 035 | _a(NLR Aleph) 010971901 | ||
| 090 |
_a10826800 _c10826800 |
||
| 100 | _a20160204d2015 k y0rusy50 ca | ||
| 101 | 0 | _arus | |
| 102 | _aRU | ||
| 105 | _aac||z|||000zy | ||
| 200 | 1 |
_aНезабываемые встречи _eлекции и воспоминания _fЛ. Г. Кудоярова |
|
| 210 |
_aУфа _cРИС УГАИ _d2015 |
||
| 215 |
_a384 с. _cил., портр. _d21 |
||
| 300 | _aПосвящается 80-летию со дня рождения Л.Г. Кудояровой | ||
| 327 | 1 | _aСодерж. также воспоминания близких, родных, друзей, коллег, учеников о Л.Г. Кудояровой | |
| 600 | 1 |
_aКудоярова _bЛ. Г. _gЛейла Габдулловна _92277588 _3RU\NLR\AUTH\6601593232 |
|
| 675 | _a78 | ||
| 686 | 1 | _aЩ10г(2Р=Баш)7дКудоярова | |
| 700 | 1 |
_aКудоярова _bЛ. Г. _gЛейла Габдулловна |
|
| 801 | 0 |
_aRU _bРГБ _c20160119 _gRCR |
|
| 801 | 2 |
_aRU _bРГБ _c20160122 _grcr |
|
| 801 | 1 |
_aRU _bРГБ _c20160119 _2rusmarc |
|
| 942 | _cBOOK | ||
| 980 | _aNBR | ||